000 00754nam a2200277 a 4500
001 40156
003 AR-BaAGN
005 20231116145359.0
007 ta
008 220625s1969 ag |||||r|||| ||||||spa d
040 _dAR-BaAGN
_aAR-BaAGN
_bspa
_eaacr
100 1 _aBosch, Mariano G.,
_d1865-1948
_95577
245 1 0 _aHistoria de los orígenes del teatro nacional argentino y la época de Pablo Podestá
250 _a1ª ed.
260 _aBuenos Aires :
_bHachette,
_c1969.
300 _a322 páginas
336 _2rdacontent
_btxt
337 _2rdamedia
_bn
338 _2rdacarrier
_bnc
490 0 _aDimensión Argentina
650 4 _aTEATRO
_91501
651 4 _aArgentina
_93645
942 _cLIBRO
999 _c40156
_d40156